00311nam a2200133Ia 4500008004100000020001800041041000800059082001700067100001300084245002400097260003300121300000900154650001400163180314s9999 xx 000 0 und d a9781859962893 aeng a546.0202 COX aCox,Tony 0aInorganic Chemistry aGarland SiencebLondonc2015 a276p achemistry